000 00809nam a2200241 a 4500
001 42893
003 BD-RjUL
005 20211209053618.0
008 160616s1966 ne a b 001 0 eng d
035 _a(BD-RjUL)43011
040 _aDLC
_cDLC
_dEQO
_dBD-RjUL
_beng
041 _aeng
082 _a330.9495
_223
_bPAS 1966
100 1 0 _aPavlopoulos, P.
_9131747
245 1 2 _aA statistical model for the Greek economy 1949-1959 /
_cby P. Pavlopoulos.
260 _aAmsterdam :
_bNorth-Holland Pub. Co,
_c1966.
300 _axi, 333 p. :
_bill. ;
_c23 cm.
490 1 _aContributions to economic analysis ;
_v44
504 _aInclude index and bibliography.
651 0 _aGreece
_xEconomic conditions
_xEconometric models
_9131748
830 0 _aContributions to economic analysis ;
_v44
_9131750
942 _2ddc
_cBK
999 _c42893
_d42893